000 01302nam a2200349 a 4500
001 000109842
003 CHAP
005 20220817044626.0
008 140602s2014 mx sm |||||||spa d
010 _a106304
011 _a107276
040 _cCHAP
090 _aTesis
100 1 _aHernández Alderete, Leticia
_953789
245 1 0 _aComportamiento productivo de pollos de engorda en respuesta a la inclusión de aceite de canola en la dieta
_h[En línea]
_cpor Leticia Hernández Alderete.
260 _aChapingo, Méx. :
_bEl autor,
_c2014.
500 _aPara ver el contenido del material haga clic en la liga
502 _aTesis (M.C. en Innovación Ganadera) -- UACH. Departamento de Enseñanza, Investigación y Servicios en Zootecnia
590 _aBATCH-UPD
_b05
_c20141002
_lUCH01
_h0904
590 _aE11695DGD
_b10
_c20141006
_lUCH01
_h1324
590 _aE5765TAJ
_b05
_c20140602
_lUCH01
_h1325
590 _aE5765TAJ
_b05
_c20140602
_lUCH01
_h1325
650 1 4 _aAceite de colza.
_9430
650 1 4 _aAceite de soya.
_9450
650 1 4 _aPollos
_xAlimentación.
_990268
650 1 4 _aPollos
_xEngorda.
650 1 4 _aPollos
_xEngorda
_xRendimiento.
_9175577
856 _aFinding aid
_uhttp://10.13.5.2/tesis/sist109842.pdf
_zTeclea aquí
901 _aBK
942 _cTESIS
942 _n0
999 _c106304
_d106304